Lost boys of Sudan / (Record no. 9501)
[ view plain ]
| 000 -LEADER | |
|---|---|
| fixed length control field | 01099nam a22002777a 4500 |
| 001 - CONTROL NUMBER | |
| control field | 9501 |
| 003 - CONTROL NUMBER IDENTIFIER | |
| control field | FISKH |
| 005 - DATE AND TIME OF LATEST TRANSACTION | |
| control field | 20260115134140.0 |
| 008 - FIXED-LENGTH DATA ELEMENTS--GENERAL INFORMATION | |
| fixed length control field | 260115b cb ||||| |||| 00| 0 eng d |
| 020 ## - INTERNATIONAL STANDARD BOOK NUMBER | |
| International Standard Book Number | 9780439682527 |
| 040 ## - CATALOGING SOURCE | |
| Original cataloging agency | FISKH |
| Language of cataloging | eng |
| Transcribing agency | FISKH |
| Modifying agency | FISKH |
| 050 ## - LIBRARY OF CONGRESS CALL NUMBER | |
| Classification number | PZ7 |
| 082 ## - DEWEY DECIMAL CLASSIFICATION NUMBER | |
| Classification number | 967.704 |
| 100 ## - MAIN ENTRY--PERSONAL NAME | |
| Personal name | DiConsiglio, John |
| Relator term | Author |
| 245 ## - TITLE STATEMENT | |
| Title | Lost boys of Sudan / |
| Statement of responsibility, etc. | John DiConsiglio |
| 260 ## - PUBLICATION, DISTRIBUTION, ETC. | |
| Place of publication, distribution, etc. | New York : |
| Name of publisher, distributor, etc. | Scholastic Inc. , |
| Date of publication, distribution, etc. | 2004 |
| 300 ## - PHYSICAL DESCRIPTION | |
| Extent | 32 pages : |
| Other physical details | photographs ; |
| Dimensions | 20 cm |
| 505 ## - FORMATTED CONTENTS NOTE | |
| Formatted contents note | P<br/> |
| 520 ## - SUMMARY, ETC. | |
| Summary, etc. | In the late 1980s, soldiers attacked villages in Southern Sudan. They destroyed homes and killed everyone in sight. Thousands of boys and girls banded together and fled for safety. They braved enemy soldiers, wild animals, and starvation. They walked for months, covering more than 1000 miles. Here are the true stories of three young people who risked everything-and escaped with their lives. |
| 521 8# - TARGET AUDIENCE NOTE | |
| Target audience note | 600<br/> |
| Source | Lexile<br/> |
| 521 8# - TARGET AUDIENCE NOTE | |
| Target audience note | P<br/> |
| Source | Raz-Plus<br/> |
| 650 ## - SUBJECT ADDED ENTRY--TOPICAL TERM | |
| Topical term or geographic name entry element | Non-fiction |
| Form subdivision | Refugees |
| 650 ## - SUBJECT ADDED ENTRY--TOPICAL TERM | |
| Topical term or geographic name entry element | Middle East |
| Form subdivision | War |
| 942 ## - ADDED ENTRY ELEMENTS (KOHA) | |
| Source of classification or shelving scheme | Dewey Decimal Classification |
| Koha item type | Books |
| Suppress in OPAC | No |
| Withdrawn status | Lost status | Source of classification or shelving scheme | Damaged status | Not for loan | Collection | Home library | Current library | Shelving location | Date acquired | Total Checkouts | Full call number | Barcode | Date last seen | Copy number | Price effective from | Koha item type |
|---|---|---|---|---|---|---|---|---|---|---|---|---|---|---|---|---|
| Dewey Decimal Classification | Non-Fiction | Footprints International School Library Network Toul Tom Poung Campus | Footprints International School Library Network Toul Tom Poung Campus | TTP Primary Yellow Bookshelves | 01/15/2026 | DIC 967.704 PZ7 | FISSE01197 | 01/15/2026 | 1 | 01/15/2026 | Books |
